Orígenes del poder militar: Bolivia 1879-1935

Saved in:
Bibliographic Details
Main Author: Dunkerley, James (Author)
Format: Book
Language:Spanish
Published: La Paz Plural 2003
Subjects:
Tags: Add Tag
No Tags, Be the first to tag this record!

MARC

LEADER 00000nam a2200000 a 4500
001 UCJ0885
003 CL-VaPUC
008 060908e20030000BO |||||||||||||||||spa|d
020 |a 9990575185 
082 0 4 |a 984  |b DUN  |2 21 
100 0 |a Dunkerley, James  |e author  |9 501317 
245 1 0 |a Orígenes del poder militar: Bolivia 1879-1935 
300 |a 284 p 
942 |c BK 
945 |d 20060908 00:00:00  |a jtorresc 
260 |a La Paz  |b Plural  |c 2003 
650 7 |a HISTORIA DE BOLIVIA  |2 CL-VaPUC  |9 501318 
650 0 |a Guerra del Pacífico  |9 314886 
650 7 |a HISTORIA CRITICA  |2 CL-VaPUC  |9 436999 
650 7 |a GUERRA DEL CHACO  |2 CL-VaPUC  |9 436286 
583 |a last modification  |c 20140409 03:22:54  |k Rodrigo Vera 
999 |c 317637  |d 317635 
952 |0 0  |1 0  |4 0  |6 984_000000000000000_DUN_2003  |7 0  |8 A  |9 394237  |a BIBHIS  |b BIBHIS  |d 2019-11-22  |i 4277260  |o 984 DUN 2003  |p 4277260  |r 2025-01-20  |w 2019-11-22  |y BK  |k HIS